[Event "CAMPEONATO DE ESPAÑA ABSOLUTO"]
[Site "EL SAUZAL - TENERIFE - ISLAS CANARIAS"]
[Date "2010.09.04"]
[Round "1"]
[Board "1"]
[White "Garcia Gata, Jorge D"]
[Black "Vallejo Pons, Francisco"]
[Result "0-1"]
[WhiteElo "2090"]
[BlackElo "2697"]
[PlyCount "42"]
[EventDate "2010.09.04"]
[EventRounds "9"]
[EventCountry "ESP"]

1.d4 e6 2.Nf3 c5 3.c3 Nc6 4.Bf4 cxd4 5.cxd4 Qb6 6.Qc1 Nxd4 7.Nxd4 Qxd4 8.e3 Qb6
9.Nc3 Nf6 10.Bd3 Bd6 11.Bxd6 Qxd6 12.Qc2 O-O 13.O-O-O Qc5 14.g4 b5 15.g5 Qxg5
16.Rhg1 Qc5 17.f4 b4 18.Rg5 Qxe3+ 19.Kb1 bxc3 20.Rdg1 g6 21.R5g3 Qd2 0-1

[Event "CAMPEONATO DE ESPAÑA ABSOLUTO"]
[Site "EL SAUZAL - TENERIFE - ISLAS CANARIAS"]
[Date "2010.09.04"]
[Round "1"]
[Board "2"]
[White "Salgado Lopez, Ivan"]
[Black "Lopez Pereyra, Antonio"]
[Result "1-0"]
[WhiteElo "2595"]
[BlackElo "2079"]
[PlyCount "87"]
[EventDate "2010.09.04"]
[EventRounds "9"]
[EventCountry "ESP"]

1.e4 c5 2.Nf3 Nc6 3.Nc3 d6 4.d4 cxd4 5.Nxd4 Nf6 6.Bg5 e6 7.Be2 Qa5 8.Bxf6 gxf6
9.Nb3 Qc7 10.Qd2 a6 11.f4 Bd7 12.O-O O-O-O 13.Bh5 Be8 14.Rad1 Kb8 15.Kh1 Be7
16.a3 Na5 17.Nxa5 Qxa5 18.Qe2 Rg8 19.Rd2 Rg7 20.Rfd1 Bc6 21.Nd5 Bf8 22.Nxf6 Rc8
23.Bf3 Rg6 24.e5 d5 25.Nxh7 Bb5 26.Qe1 Bh6 27.g3 Qa4 28.Qf2 Rh8 29.Rd4 Qa5
30.Nf6 Bf8 31.c4 Ba4 32.b4 Qb6 33.R1d2 Be7 34.cxd5 Bxf6 35.exf6 exd5 36.Bxd5
Qxf6 37.f5 Rg5 38.Qf4+ Ka7 39.Qc7 Rb8 40.Qc5+ Ka8 41.Be4 Rgg8 42.Rd6 Qa1+ 43.Kg2
Bb5 44.Qxb5 1-0

[Event "CAMPEONATO DE ESPAÑA ABSOLUTO"]
[Site "EL SAUZAL - TENERIFE - ISLAS CANARIAS"]
[Date "2010.09.04"]
[Round "1"]
[Board "4"]
[White "Magem Badals, Jordi"]
[Black "Abreu Suarez, Isauro"]
[Result "1-0"]
[WhiteElo "2589"]
[BlackElo "2068"]
[PlyCount "47"]
[EventDate "2010.09.04"]
[EventRounds "9"]
[EventCountry "ESP"]

1.e4 Nf6 2.e5 Nd5 3.d4 d6 4.c4 Nb6 5.exd6 cxd6 6.Nc3 g6 7.Be3 Bg7 8.Rc1 O-O 9.b3
Nc6 10.d5 Ne5 11.Be2 Re8 12.f4 Ned7 13.Nf3 Nf6 14.O-O e6 15.dxe6 Bxe6 16.Bd4 Nc8
17.Ng5 a6 18.Bf3 Rb8 19.Re1 Qd7 20.Nge4 Nxe4 21.Nxe4 Qd8 22.Bxg7 Kxg7 23.Qd4+ f6
24.g4 1-0

[Event "CAMPEONATO DE ESPAÑA ABSOLUTO"]
[Site "EL SAUZAL - TENERIFE - ISLAS CANARIAS"]
[Date "2010.09.04"]
[Round "1"]
[Board "5"]
[White "Molina Rodriguez, Borja"]
[Black "Narciso Dublan, Marc"]
[Result "0-1"]
[WhiteElo "2058"]
[BlackElo "2553"]
[PlyCount "52"]
[EventDate "2010.09.04"]
[EventRounds "9"]
[EventCountry "ESP"]

1.e4 e6 2.d4 d5 3.Nc3 Nf6 4.Bg5 dxe4 5.Nxe4 Be7 6.Bxf6 Bxf6 7.Nf3 Nd7 8.Qd2 O-O
9.O-O-O Be7 10.h4 c5 11.dxc5 Qc7 12.Bd3 b6 13.cxb6 axb6 14.Kb1 Bb7 15.Nd4 Rfd8
16.Nb5 Qc6 17.Ned6 Bxd6 18.Nxd6 Nc5 19.Nxb7 Qxb7 20.g4 Nxd3 21.cxd3 Ra4 22.Qe2
Rda8 23.b3 Ra3 24.Rhg1 Qa6 25.Rd2 Rxb3+ 26.Rb2 Qxa2+ 0-1

[Event "CAMPEONATO DE ESPAÑA ABSOLUTO"]
[Site "EL SAUZAL - TENERIFE - ISLAS CANARIAS"]
[Date "2010.09.04"]
[Round "1"]
[Board "6"]
[White "Arizmendi Martinez, Julen Luis"]
[Black "Barrio Pareja, Eduardo"]
[Result "1-0"]
[WhiteElo "2551"]
[BlackElo "2049"]
[PlyCount "63"]
[EventDate "2010.09.04"]
[EventRounds "9"]
[EventCountry "ESP"]

1.d4 d6 2.e4 e5 3.Nf3 exd4 4.Nxd4 Nf6 5.Nc3 Be7 6.Nde2 O-O 7.g3 Re8 8.Bg2 Bf8
9.O-O Nbd7 10.Re1 Nc5 11.Nd4 g6 12.Bf4 Bg7 13.Qd2 Ng4 14.Bg5 f6 15.Bf4 Qe7
16.Nd5 Qf7 17.Nb5 Ne6 18.Bxd6 cxd6 19.Nxd6 Qf8 20.Nxe8 Qxe8 21.h3 Ne5 22.f4 Nc4
23.Qc3 Qb5 24.f5 Nf8 25.Bf1 Qc5+ 26.Kg2 b5 27.b3 gxf5 28.bxc4 fxe4 29.Qe3 Qxe3
30.Rxe3 f5 31.Rd1 Be6 32.cxb5 1-0

[Event "CAMPEONATO DE ESPAÑA ABSOLUTO"]
[Site "EL SAUZAL - TENERIFE - ISLAS CANARIAS"]
[Date "2010.09.04"]
[Round "1"]
[Board "7"]
[White "Navarro Molina, David"]
[Black "Alsina Leal, Daniel"]
[Result "0-1"]
[WhiteElo "2047"]
[BlackElo "2523"]
[PlyCount "112"]
[EventDate "2010.09.04"]
[EventRounds "9"]
[EventCountry "ESP"]

1.d4 Nf6 2.Nf3 g6 3.c4 Bg7 4.Nc3 d5 5.cxd5 Nxd5 6.e4 Nxc3 7.bxc3 c5 8.Be3 Qa5
9.Qd2 O-O 10.Rc1 Rd8 11.d5 e6 12.Bg5 f6 13.Bf4 Qa4 14.c4 exd5 15.exd5 Na6 16.Be2
Nb4 17.O-O Qxa2 18.Qe3 Bf5 19.Qxc5 Nxd5 20.cxd5 Qxe2 21.Rfe1 Qa2 22.d6 Rac8
23.Qb4 Rxc1 24.Rxc1 Qd5 25.h4 Bf8 26.Nd4 Bxd6 27.Bxd6 Qxd6 28.Qxd6 Rxd6 29.Nxf5
gxf5 30.Rc8+ Kf7 31.Rc7+ Ke6 32.Rxb7 Rd7 33.Rb5 Rd5 34.Rb7 a5 35.Rxh7 Rd7 36.Rh8
Ra7 37.Rb8 a4 38.Rb2 a3 39.Ra2 Kd5 40.Kh2 Kc4 41.f3 Kb3 42.Ra1 a2 43.Kg3 Ra4
44.Re1 a1=Q 45.Rxa1 Rxa1 46.Kf4 Ra4+ 47.Kxf5 Rxh4 48.Kxf6 Kc4 49.g4 Kd5 50.g5
Kd6 51.Kf5 Ke7 52.f4 Kf7 53.g6+ Kg7 54.Kg5 Rh1 55.f5 Rg1+ 56.Kf4 Kf6 0-1

[Event "CAMPEONATO DE ESPAÑA ABSOLUTO"]
[Site "EL SAUZAL - TENERIFE - ISLAS CANARIAS"]
[Date "2010.09.04"]
[Round "1"]
[Board "8"]
[White "San Segundo Carrillo, Pablo"]
[Black "Martin Hernandez, Ruben"]
[Result "1-0"]
[WhiteElo "2511"]
[BlackElo "2037"]
[PlyCount "37"]
[EventDate "2010.09.04"]
[EventRounds "9"]
[EventCountry "ESP"]

1.d4 Nf6 2.Nf3 e6 3.c4 b6 4.g3 Bb4+ 5.Bd2 Be7 6.Bg2 c6 7.O-O O-O 8.Bf4 d5 9.Qc2
Ba6 10.b3 Nbd7 11.Rd1 Rc8 12.Nc3 c5 13.dxc5 Rxc5 14.e4 dxc4 15.b4 Rh5 16.e5 Bxb4
17.exf6 Qxf6 18.Ne4 Qe7 19.a3 1-0

[Event "CAMPEONATO DE ESPAÑA ABSOLUTO"]
[Site "EL SAUZAL - TENERIFE - ISLAS CANARIAS"]
[Date "2010.09.04"]
[Round "1"]
[Board "9"]
[White "Machin Arbelo, Pedro Alexis"]
[Black "Reinaldo Castineira, Roi"]
[Result "0-1"]
[WhiteElo "2032"]
[BlackElo "2502"]
[PlyCount "40"]
[EventDate "2010.09.04"]
[EventRounds "9"]
[EventCountry "ESP"]

1.d4 g6 2.e4 Bg7 3.Nc3 c6 4.Be2 d5 5.Nf3 Nh6 6.e5 O-O 7.h4 f6 8.h5 g5 9.Nh2 fxe5
10.Bxg5 Nf7 11.h6 Bh8 12.Be3 exd4 13.Bxd4 e5 14.Bc5 Re8 15.Bh5 Be6 16.Qf3 Qh4
17.Ng4 Qxh1+ 18.Ke2 Qh4 19.Rh1 Qxh1 20.Qg3 Qxh5 0-1

[Event "CAMPEONATO DE ESPAÑA ABSOLUTO"]
[Site "EL SAUZAL - TENERIFE - ISLAS CANARIAS"]
[Date "2010.09.04"]
[Round "1"]
[Board "10"]
[White "Moreno Ruiz, Javier"]
[Black "Nortes Hernandez, Pedro"]
[Result "1-0"]
[WhiteElo "2491"]
[BlackElo "2020"]
[PlyCount "51"]
[EventDate "2010.09.04"]
[EventRounds "9"]
[EventCountry "ESP"]

1.d4 d5 2.c4 e6 3.Nc3 Be7 4.cxd5 exd5 5.Bf4 c6 6.e3 Bd6 7.Bg3 Ne7 8.Nf3 Nf5
9.Bd3 Nxg3 10.hxg3 Nd7 11.e4 dxe4 12.Nxe4 Bb4+ 13.Kf1 h6 14.Qb3 Be7 15.Re1 O-O
16.Bc2 Nb6 17.Qd3 f5 18.Nc3 Bf6 19.g4 Bg5 20.Bb3+ Kh8 21.Ne5 Qf6 22.g3 Nd5
23.Nxd5 cxd5 24.f4 a5 25.fxg5 Qxg5 26.Kg2 1-0

[Event "CAMPEONATO DE ESPAÑA ABSOLUTO"]
[Site "EL SAUZAL - TENERIFE - ISLAS CANARIAS"]
[Date "2010.09.04"]
[Round "1"]
[Board "11"]
[White "Alonso Rosell, Alvar"]
[Black "Galvan Sarmiento, Jose Luis"]
[Result "1-0"]
[WhiteElo "2485"]
[BlackElo "2008"]
[PlyCount "107"]
[EventDate "2010.09.04"]
[EventRounds "9"]
[EventCountry "ESP"]

1.d4 d5 2.c4 e6 3.Nc3 Nf6 4.cxd5 exd5 5.Bg5 c6 6.Qc2 Bd6 7.e3 O-O 8.Bd3 h6 9.Bh4
Nbd7 10.Nge2 Re8 11.Bg3 Bxg3 12.Nxg3 c5 13.Nge2 a6 14.dxc5 Nxc5 15.O-O Nxd3
16.Qxd3 b5 17.Nf4 Bb7 18.Rfd1 Re5 19.Qd4 Qe7 20.a4 bxa4 21.Rxa4 Rc8 22.h3 Rg5
23.Rb4 Rc7 24.Qb6 Re5 25.Rbd4 Rd7 26.Qa5 Qd6 27.Nd3 Rg5 28.Nc5 Re7 29.b4 Bc8
30.h4 Rh5 31.N5e4 Nxe4 32.Nxe4 Qe6 33.Ng3 Re5 34.Rxd5 Rd7 35.e4 Qg4 36.Rc1 Rdxd5
37.exd5 Bd7 38.h5 Qg5 39.Rd1 Bg4 40.Rb1 Rxd5 41.Qxa6 Bd7 42.Qa8+ Kh7 43.f4 Qxg3
44.Qxd5 Qe3+ 45.Kh1 Be6 46.Qf3 Qd2 47.b5 Qc2 48.Re1 Qd2 49.Rd1 Qb4 50.Qd3+ g6
51.hxg6+ fxg6 52.Qe3 Bf7 53.b6 h5 54.Rd7 1-0

[Event "CAMPEONATO DE ESPAÑA ABSOLUTO"]
[Site "EL SAUZAL - TENERIFE - ISLAS CANARIAS"]
[Date "2010.09.04"]
[Round "1"]
[Board "12"]
[White "Perez Gutierrez, Nauzet"]
[Black "Herraiz Hidalgo, Herminio"]
[Result "0-1"]
[WhiteElo "2007"]
[BlackElo "2480"]
[PlyCount "90"]
[EventDate "2010.09.04"]
[EventRounds "9"]
[EventCountry "ESP"]

1.e4 c5 2.Nf3 Nc6 3.Bb5 g6 4.O-O Bg7 5.c3 e5 6.d3 Nge7 7.Nbd2 O-O 8.Nc4 d6 9.Ne1
a6 10.Bxc6 Nxc6 11.a4 Be6 12.f4 f5 13.Qe2 Rc8 14.Nf3 fxe4 15.Ng5 exd3 16.Qxd3
Qe7 17.Nb6 Rce8 18.Nd5 Bxd5 19.Qxd5+ Kh8 20.Be3 h6 21.Nh3 Qe6 22.Qxe6 Rxe6
23.fxe5 Nxe5 24.Nf4 Ref6 25.Nd5 Rxf1+ 26.Rxf1 Rxf1+ 27.Kxf1 Kg8 28.b4 cxb4
29.cxb4 Kf7 30.b5 axb5 31.axb5 Ng4 32.Bg1 Be5 33.h3 Nf6 34.Nb6 d5 35.Na4 Bd6
36.Be3 h5 37.Ke2 Ke6 38.Kd3 Ne4 39.Bg1 Ng3 40.Bf2 Nf5 41.Be1 Ba3 42.Bf2 Nd6
43.b6 Ne4 44.Bg1 Kd6 45.Bd4 Nc5+ 0-1

[Event "CAMPEONATO DE ESPAÑA ABSOLUTO"]
[Site "EL SAUZAL - TENERIFE - ISLAS CANARIAS"]
[Date "2010.09.04"]
[Round "1"]
[Board "13"]
[White "Garza Marco, Sergio"]
[Black "Acosta Sosa, Juan Manuel"]
[Result "1/2-1/2"]
[WhiteElo "2439"]
[BlackElo "2007"]
[PlyCount "178"]
[EventDate "2010.09.04"]
[EventRounds "9"]
[EventCountry "ESP"]

1.d4 d5 2.c4 c6 3.Nf3 Nf6 4.e3 a6 5.Nc3 b5 6.c5 Nbd7 7.Bd2 Qc7 8.b4 e5 9.a4 e4
10.Ng1 Qb8 11.Nge2 Be7 12.Nc1 Nf8 13.Nb3 Ne6 14.Na5 Bd7 15.Be2 Bd8 16.Qb3 O-O
17.Kd1 Bc7 18.Kc2 Qd8 19.Ra2 Qe7 20.axb5 axb5 21.Rha1 Rfb8 22.Qb1 Qf8 23.Qg1 Qd8
24.Kb2 Ra7 25.f4 Rba8 26.Qd1 g6 27.Be1 Ng7 28.g4 Qc8 29.h3 h5 30.Bh4 Bd8 31.gxh5
Nfxh5 32.Bxd8 Qxd8 33.Bg4 Nf6 34.Qe2 Qc8 35.Rg1 Bf5 36.Nd1 Qd7 37.Nf2 Kf8 38.Ra3
Ke7 39.Rga1 Kf8 40.Rg1 Ke7 41.Bxf5 Nxf5 42.Ng4 Nxg4 43.hxg4 Nh4 44.Rga1 Ra6
45.Rh1 Nf3 46.Qg2 Rf8 47.Raa1 Qc8 48.Kc3 Qd7 49.Rh6 Raa8 50.Qh3 Rg8 51.Rh7 Qe6
52.f5 Qd7 53.f6+ Kd8 54.Rh8 Re8 55.Rxe8+ Qxe8 56.Nxc6+ Kd7 57.Na5 Qe6 58.Rh1
Qxf6 59.Qg3 Rc8 60.Nb7 Qa6 61.Qd6+ Qxd6 62.Nxd6 Ra8 63.Nxb5 Kc6 64.Nd6 Ra3+
65.Kb2 Rxe3 66.b5+ Kd7 67.b6 Nxd4 68.b7 Nc6 69.Rh8 Re2+ 70.Kb1 Re1+ 71.Kb2 Re2+
72.Ka3 Re1 73.b8=Q Nxb8 74.Rxb8 e3 75.Kb2 Rg1 76.Re8 Rxg4 77.Rxe3 Kc6 78.Rc3 f5
79.Nc8 Rc4 80.Rd3 Kxc5 81.Ne7 d4 82.Nxg6 Kd5 83.Rf3 Ke6 84.Rf4 Kf6 85.Nh4 Kg5
86.Ng2 Rb4+ 87.Kc1 Ra4 88.Kb2 Rb4+ 89.Kc1 Ra4 1/2-1/2

[Event "CAMPEONATO DE ESPAÑA ABSOLUTO"]
[Site "EL SAUZAL - TENERIFE - ISLAS CANARIAS"]
[Date "2010.09.04"]
[Round "1"]
[Board "14"]
[White "Alonso Contreras, Mario Elias"]
[Black "Recuero Guerra, David"]
[Result "0-1"]
[WhiteElo "1980"]
[BlackElo "2457"]
[PlyCount "81"]
[EventDate "2010.09.04"]
[EventRounds "9"]
[EventCountry "ESP"]

1.e4 c5 2.Nf3 Nc6 3.d4 cxd4 4.Nxd4 g6 5.c4 Bg7 6.Nxc6 bxc6 7.Nc3 d6 8.Be2 Nf6
9.O-O O-O 10.Be3 Nd7 11.Rc1 a5 12.Qc2 Nc5 13.Rfd1 Qc7 14.Bd4 Bh6 15.Rb1 Ne6
16.Be3 Bxe3 17.fxe3 Qb6 18.Qd2 Qc5 19.b3 Rb8 20.Bg4 Ng5 21.Bxc8 Rfxc8 22.Qd4 Ne6
23.Qd2 Rb7 24.Qf2 Qe5 25.Rbc1 Ra8 26.Rf1 f6 27.Qc2 Nc5 28.Rb1 Rab8 29.Rfe1 Kg7
30.Rf1 Rb4 31.Rfe1 h5 32.Rf1 R8b7 33.Rfe1 h4 34.h3 Qe6 35.Rf1 Qe5 36.Rfe1 g5
37.Rf1 a4 38.Nxa4 Nxa4 39.bxa4 Rb2 40.Qd3 Qg3 41.Rfe1 0-1

[Event "CAMPEONATO DE ESPAÑA ABSOLUTO"]
[Site "EL SAUZAL - TENERIFE - ISLAS CANARIAS"]
[Date "2010.09.04"]
[Round "1"]
[Board "15"]
[White "Ponce Valero, Juan Antonio"]
[Black "Franco Alonso, Alejandro"]
[Result "0-1"]
[WhiteElo "2020"]
[BlackElo "2490"]
[PlyCount "80"]
[EventDate "2010.09.04"]
[EventRounds "9"]
[EventCountry "ESP"]

1.e4 c5 2.Nf3 e6 3.d4 cxd4 4.Nxd4 Nf6 5.Bd3 Nc6 6.Nxc6 bxc6 7.O-O d5 8.e5 Nd7
9.f4 Nc5 10.Nc3 Be7 11.Kh1 g6 12.b3 O-O 13.Bb2 a5 14.Be2 Qc7 15.Qe1 a4 16.Qg3 a3
17.Bc1 f5 18.Be3 Ba6 19.Bxc5 Bxc5 20.Bxa6 Rxa6 21.Ne2 Kh8 22.Rac1 Qb6 23.c3 Be7
24.Nd4 c5 25.Nf3 Rg8 26.Rg1 Raa8 27.Rge1 Rg7 28.Rcd1 Rag8 29.Re2 h6 30.Qe1 g5
31.fxg5 hxg5 32.Rd3 Rh7 33.Ng1 g4 34.Qf2 Qa6 35.Red2 c4 36.bxc4 dxc4 37.Rg3 Bh4
38.Rd6 Qb7 39.Rxe6 Qe4 40.Ne2 f4 0-1

[Event "CAMPEONATO DE ESPAÑA ABSOLUTO"]
[Site "EL SAUZAL - TENERIFE - ISLAS CANARIAS"]
[Date "2010.09.04"]
[Round "1"]
[Board "16"]
[White "Arribas Lopez, Angel"]
[Black "Salido Polo, Veronica"]
[Result "1-0"]
[WhiteElo "2454"]
[BlackElo "1972"]
[PlyCount "53"]
[EventDate "2010.09.04"]
[EventRounds "9"]
[EventCountry "ESP"]

1.c4 Nf6 2.g3 g6 3.Bg2 Bg7 4.Nf3 O-O 5.O-O d6 6.d4 Nbd7 7.Qc2 c5 8.Rd1 Rb8 9.Nc3
a6 10.a4 Qa5 11.Ra2 cxd4 12.Nxd4 Qc5 13.b3 Ne5 14.Ba3 Qc7 15.h3 Bd7 16.e4 Rfc8
17.Qb1 b5 18.axb5 Qb6 19.Bb4 axb5 20.cxb5 Nc6 21.Nxc6 Bxc6 22.Ba5 Qc5 23.bxc6
Ra8 24.Nd5 Nxd5 25.exd5 Rxa5 26.b4 Rb8 27.bxc5 1-0

[Event "CAMPEONATO DE ESPAÑA ABSOLUTO"]
[Site "EL SAUZAL - TENERIFE - ISLAS CANARIAS"]
[Date "2010.09.04"]
[Round "1"]
[Board "17"]
[White "Arnedo Ruiz, Alberto"]
[Black "Larino Nieto, David"]
[Result "0-1"]
[WhiteElo "1961"]
[BlackElo "2451"]
[PlyCount "84"]
[EventDate "2010.09.04"]
[EventRounds "9"]
[EventCountry "ESP"]

1.e4 d5 2.exd5 Qxd5 3.Nc3 Qa5 4.Bc4 Nf6 5.d3 a6 6.Bd2 Qe5+ 7.Be3 b5 8.d4 Qd6
9.Be2 Bb7 10.Bf3 Nd5 11.Qd2 Nd7 12.Nge2 e6 13.O-O N7b6 14.Ne4 Qd7 15.c3 Be7
16.b3 Rd8 17.Rad1 Qc8 18.Qc1 h5 19.c4 Nxe3 20.fxe3 bxc4 21.bxc4 Qa8 22.Nd2 Bg5
23.Qc3 O-O 24.Bxb7 Qxb7 25.Ng3 Na4 26.Qa3 Qb2 27.Qxb2 Nxb2 28.Rde1 f5 29.Nxh5 c5
30.Nf3 Bh6 31.dxc5 Nd3 32.Re2 e5 33.Ng3 g6 34.Rb1 e4 35.Nd4 Bxe3+ 36.Rxe3 Rxd4
37.Ne2 Rxc4 38.Rb6 f4 39.Rh3 Kg7 40.Rh4 f3 41.Rg4 Ne5 42.Rb7+ Kg8 0-1

[Event "CAMPEONATO DE ESPAÑA ABSOLUTO"]
[Site "EL SAUZAL - TENERIFE - ISLAS CANARIAS"]
[Date "2010.09.04"]
[Round "1"]
[Board "18"]
[White "Todorcevic, Miodrag"]
[Black "Capote Robayna, Nathaniel"]
[Result "1-0"]
[WhiteElo "2434"]
[BlackElo "1960"]
[PlyCount "119"]
[EventDate "2010.09.04"]
[EventRounds "9"]
[EventCountry "ESP"]

1.c4 Nf6 2.Nf3 g6 3.b3 Bg7 4.Bb2 d6 5.d4 O-O 6.Nbd2 Nbd7 7.e3 Re8 8.Qc2 e5 9.Be2
c6 10.dxe5 dxe5 11.O-O Qc7 12.Rac1 e4 13.Nd4 a5 14.Rfd1 Nc5 15.Nf1 a4 16.b4 a3
17.Ba1 Na6 18.b5 Nb4 19.Qb3 c5 20.Nc2 Nxc2 21.Rxc2 Rd8 22.Rxd8+ Qxd8 23.Rd2 Qe7
24.Qd1 Be6 25.Ng3 Kf8 26.Be5 Ne8 27.Bxg7+ Kxg7 28.Qa1+ Qf6 29.Qb1 Qe5 30.Qxe4
Qa1+ 31.Nf1 Rb8 32.Qc2 Qe5 33.f4 Qa1 34.Rd1 Qb2 35.Qxb2+ axb2 36.Rb1 Nd6 37.Nd2
Ra8 38.Rxb2 Ra4 39.Kf2 Nxc4 40.Nxc4 Bxc4 41.Bxc4 Rxc4 42.Ke2 b6 43.g4 f5 44.gxf5
gxf5 45.Rd2 Rb4 46.Rd7+ Kg8 47.a4 c4 48.Rb7 Rxa4 49.Rxb6 Ra2+ 50.Kd1 Rxh2 51.Kc1
c3 52.Rf6 Rb2 53.Rxf5 Kg7 54.Rc5 Kf6 55.Rxc3 Rxb5 56.Kd2 Kf5 57.Rc7 h5 58.Ke2
Rb3 59.Kf3 Ra3 60.Rh7 1-0

[Event "CAMPEONATO DE ESPAÑA ABSOLUTO"]
[Site "EL SAUZAL - TENERIFE - ISLAS CANARIAS"]
[Date "2010.09.04"]
[Round "1"]
[Board "19"]
[White "Rodriguez Jorge, David"]
[Black "Vassallo Barroche, Mauricio"]
[Result "0-1"]
[WhiteElo "1940"]
[BlackElo "2422"]
[PlyCount "88"]
[EventDate "2010.09.04"]
[EventRounds "9"]
[EventCountry "ESP"]

1.e4 g6 2.Nf3 Bg7 3.d4 d6 4.Bc4 e6 5.Bg5 Ne7 6.Nbd2 h6 7.Bf4 a6 8.c3 Nd7 9.h3 b6
10.Qe2 Bb7 11.a4 O-O 12.O-O Nc6 13.e5 dxe5 14.dxe5 Qe7 15.Rfd1 a5 16.Nb3 Rfd8
17.Qe3 Qf8 18.Rd2 Ne7 19.Nbd4 Nd5 20.Bxd5 Bxd5 21.Nb5 Rac8 22.Nfd4 Nc5 23.Ra3
Kh7 24.f3 Qe8 25.Qe2 Bb7 26.Qd1 Na6 27.Ra1 Rd5 28.Qe1 Rcd8 29.Rad1 Qe7 30.Qe3
Nb8 31.Kh2 R5d7 32.Bg3 Bd5 33.f4 c5 34.Nf3 Bb3 35.Rxd7 Rxd7 36.Rxd7 Qxd7 37.Qe4
Qd5 38.Qe3 Bxa4 39.Nd6 Kg8 40.Nd2 Bc6 41.Qf2 Qd3 42.N2c4 Nd7 43.Bh4 a4 44.Na3
Nxe5 0-1

[Event "CAMPEONATO DE ESPAÑA ABSOLUTO"]
[Site "EL SAUZAL - TENERIFE - ISLAS CANARIAS"]
[Date "2010.09.04"]
[Round "1"]
[Board "20"]
[White "Pena Gomez, Manuel"]
[Black "Javaloy Guerrero, Manuel A"]
[Result "1-0"]
[WhiteElo "2419"]
[BlackElo "1934"]
[PlyCount "47"]
[EventDate "2010.09.04"]
[EventRounds "9"]
[EventCountry "ESP"]

1.g3 d5 2.Bg2 Nf6 3.c4 c6 4.Nf3 g6 5.O-O Bg7 6.Qc2 Bf5 7.d3 dxc4 8.Qxc4 Be6
9.Qc2 h6 10.e4 O-O 11.d4 Bg4 12.Be3 Nbd7 13.Nc3 Bxf3 14.Bxf3 e5 15.Rad1 Qc7
16.Bg2 Ng4 17.d5 Nxe3 18.fxe3 h5 19.Kh1 Rac8 20.Qb3 Qb6 21.dxc6 Qxc6 22.Nd5 Rfe8
23.Nb4 Qc4 24.Rxd7 1-0

[Event "CAMPEONATO DE ESPAÑA ABSOLUTO"]
[Site "EL SAUZAL - TENERIFE - ISLAS CANARIAS"]
[Date "2010.09.04"]
[Round "1"]
[Board "21"]
[White "Fernandez Molina, Victor Manuel"]
[Black "Argandona Riveiro, Inigo"]
[Result "0-1"]
[WhiteElo "1913"]
[BlackElo "2408"]
[PlyCount "71"]
[EventDate "2010.09.04"]
[EventRounds "9"]
[EventCountry "ESP"]

1.Nf3 d5 2.d4 c6 3.e3 e6 4.Nbd2 f5 5.b3 Nd7 6.Bb2 Bd6 7.Bd3 Qf6 8.Qe2 Ne7
9.O-O-O a5 10.a4 Kd8 11.Kb1 g5 12.e4 fxe4 13.Bxe4 Kc7 14.Bd3 Ng6 15.Bxg6 Qxg6
16.Rc1 b6 17.Rhe1 Ba6 18.Qxe6 g4 19.Qxg6 hxg6 20.Ne5 Rxh2 21.Nxg4 Rxg2 22.Rg1
Rxg1 23.Rxg1 Rf8 24.Rg2 Bb4 25.c3 Bd3+ 26.Ka2 Bd6 27.Ne3 Bf4 28.c4 Nf6 29.cxd5
Nxd5 30.Ba3 Re8 31.Ndc4 Bxe3 32.Bd6+ Kd7 33.fxe3 Be4 34.Rf2 b5 35.Rf7+ Ke6
36.Ne5 0-1

[Event "CAMPEONATO DE ESPAÑA ABSOLUTO"]
[Site "EL SAUZAL - TENERIFE - ISLAS CANARIAS"]
[Date "2010.09.04"]
[Round "1"]
[Board "22"]
[White "Anton Guijarro, David"]
[Black "Diaz Sanchez, Jose Francisco"]
[Result "1-0"]
[WhiteElo "2403"]
[BlackElo "1909"]
[PlyCount "43"]
[EventDate "2010.09.04"]
[EventRounds "9"]
[EventCountry "ESP"]

1.e4 c5 2.Nf3 e6 3.d4 cxd4 4.Nxd4 Nf6 5.Nc3 Nc6 6.Nxc6 bxc6 7.e5 Nd5 8.Nxd5 cxd5
9.Bd3 Ba6 10.O-O Bxd3 11.cxd3 Qc7 12.Bf4 g6 13.Rc1 Qb7 14.Qa4 a5 15.d4 Bg7 16.b3
Qb4 17.Qxb4 axb4 18.Bd2 Bf8 19.Rc7 Be7 20.Rfc1 O-O 21.Rxd7 Rxa2 22.Bh6 1-0

[Event "CAMPEONATO DE ESPAÑA ABSOLUTO"]
[Site "EL SAUZAL - TENERIFE - ISLAS CANARIAS"]
[Date "2010.09.04"]
[Round "1"]
[Board "23"]
[White "Orti Boix, Miquel Lluis"]
[Black "Espinosa Aranda, Angel"]
[Result "0-1"]
[WhiteElo "1889"]
[BlackElo "2403"]
[PlyCount "52"]
[EventDate "2010.09.04"]
[EventRounds "9"]
[EventCountry "ESP"]

1.e4 e5 2.Nf3 Nc6 3.Bb5 a6 4.Ba4 Nf6 5.O-O b5 6.Bb3 Bc5 7.d3 O-O 8.Bg5 h6 9.Bh4
g5 10.Bg3 d6 11.c3 Bg4 12.h3 Bh5 13.Nbd2 Qd7 14.Qc1 Kh8 15.Nh2 Be2 16.Re1 Bxd3
17.Bd1 Ne7 18.Ng4 Nxg4 19.Bxg4 f5 20.exf5 Nxf5 21.Ne4 Bxe4 22.Rxe4 Qh7 23.Bxf5
Qxf5 24.Re2 Qd3 25.Qc2 Qxg3 26.Qg6 Qh4 0-1

[Event "CAMPEONATO DE ESPAÑA ABSOLUTO"]
[Site "EL SAUZAL - TENERIFE - ISLAS CANARIAS"]
[Date "2010.09.04"]
[Round "1"]
[Board "24"]
[White "Del Rey, Diego"]
[Black "Septien Lopez, Valeriano"]
[Result "1-0"]
[WhiteElo "2396"]
[BlackElo "1887"]
[PlyCount "72"]
[EventDate "2010.09.04"]
[EventRounds "9"]
[EventCountry "ESP"]

1.d4 d5 2.c4 dxc4 3.Nf3 Nf6 4.e3 c5 5.Bxc4 cxd4 6.Nxd4 Nc6 7.Qb3 e6 8.Nxc6 bxc6
9.O-O Be7 10.Nc3 Qb6 11.Qc2 O-O 12.e4 Ba6 13.Na4 Qb7 14.Bxa6 Qxa6 15.Be3 Rab8
16.b3 Ng4 17.Bc5 Rfe8 18.Bxe7 Rxe7 19.Rfd1 f6 20.Rd6 Rc8 21.Rc1 Qb5 22.Nc5 Kf7
23.Qd1 Ne5 24.f4 Ng6 25.g3 Rce8 26.Qd2 Qb6 27.Kh1 a5 28.Na4 Qb5 29.Rdxc6 Qh5
30.R6c5 Qf3+ 31.Qg2 Qd3 32.Rxa5 Rd8 33.Rac5 Red7 34.Re1 Ne7 35.Qc2 Qd4 36.Rc4
Qa7 1-0

[Event "CAMPEONATO DE ESPAÑA ABSOLUTO"]
[Site "EL SAUZAL - TENERIFE - ISLAS CANARIAS"]
[Date "2010.09.04"]
[Round "1"]
[Board "25"]
[White "Darias Darias, Luis"]
[Black "Cabrera Trujillo, Jorge"]
[Result "0-1"]
[WhiteElo "1877"]
[BlackElo "2384"]
[PlyCount "102"]
[EventDate "2010.09.04"]
[EventRounds "9"]
[EventCountry "ESP"]

1.d4 Nf6 2.c4 g6 3.g3 Bg7 4.Bg2 O-O 5.Nf3 d6 6.O-O Nbd7 7.Nc3 e5 8.e3 Re8 9.b3
a5 10.Bb2 exd4 11.exd4 d5 12.Re1 Rxe1+ 13.Nxe1 dxc4 14.bxc4 Nb6 15.c5 Nbd5
16.Nc2 Be6 17.Ne3 h5 18.Ncxd5 Nxd5 19.Nxd5 Bxd5 20.Bxd5 Qxd5 21.Qb3 Qxb3 22.axb3
b5 23.cxb6 cxb6 24.Rd1 Rc8 25.Rd2 Bh6 26.f4 Bf8 27.d5 Bb4 28.Rd3 Kf8 29.Bf6 Be7
30.Be5 Rc1+ 31.Kg2 Rc2+ 32.Kf3 Bc5 33.d6 f5 34.g4 h4 35.gxf5 gxf5 36.Bd4 Bxd4
37.Rxd4 Ke8 38.Rd5 Rc3+ 39.Kg2 Rxb3 40.Rxf5 h3+ 41.Kg1 Kd7 42.Rd5 a4 43.Rd1 a3
44.Ra1 Kxd6 45.Kf2 Ke6 46.Rd1 Kf5 47.Rd4 b5 48.Rd8 Kxf4 49.Rd4+ Ke5 50.Rd8 b4
51.Ke2 a2 0-1

[Event "CAMPEONATO DE ESPAÑA ABSOLUTO"]
[Site "EL SAUZAL - TENERIFE - ISLAS CANARIAS"]
[Date "2010.09.04"]
[Round "1"]
[Board "26"]
[White "Vega Gutierrez, Sabrina"]
[Black "Garcia Rodriguez, Sara"]
[Result "1-0"]
[WhiteElo "2368"]
[BlackElo "1869"]
[PlyCount "39"]
[EventDate "2010.09.04"]
[EventRounds "9"]
[EventCountry "ESP"]

1.e4 c5 2.Nf3 d6 3.d4 cxd4 4.Nxd4 Nf6 5.Nc3 g6 6.Bc4 Bg7 7.O-O O-O 8.h3 Nc6
9.Nf3 Bd7 10.Re1 Rc8 11.Bb3 Qa5 12.a4 a6 13.Bf4 Qh5 14.Nd5 Rcd8 15.Bc4 Nxd5
16.exd5 Na5 17.Bf1 Qf5 18.Bg5 Rfe8 19.Rxe7 Bxb2 20.Ra2 1-0

[Event "CAMPEONATO DE ESPAÑA ABSOLUTO"]
[Site "EL SAUZAL - TENERIFE - ISLAS CANARIAS"]
[Date "2010.09.04"]
[Round "1"]
[Board "27"]
[White "Marrero Lopez, Agustin"]
[Black "Fernandez Siles, Luis"]
[Result "1/2-1/2"]
[WhiteElo "1859"]
[BlackElo "2341"]
[PlyCount "76"]
[EventDate "2010.09.04"]
[EventRounds "9"]
[EventCountry "ESP"]

1.d4 Nf6 2.c4 c5 3.Nf3 e6 4.Nc3 cxd4 5.Nxd4 a6 6.e4 d6 7.Bd3 Be7 8.O-O O-O 9.b3
b6 10.Bb2 Bb7 11.Nde2 Nbd7 12.f4 Nc5 13.Ng3 Nxd3 14.Qxd3 Qc7 15.Rac1 Rad8 16.Qe2
Qb8 17.Kh1 Qa8 18.Ba3 Rfe8 19.Rcd1 Bf8 20.Rd2 b5 21.Rfd1 bxc4 22.Bxd6 Bxd6
23.Rxd6 Rxd6 24.Rxd6 cxb3 25.axb3 Qc8 26.Qd2 h5 27.e5 Nd5 28.Nxd5 Bxd5 29.b4 h4
30.Nf1 h3 31.Ne3 hxg2+ 32.Nxg2 Qc4 33.Kg1 Qe4 34.Rxa6 Rc8 35.Ra1 Rc2 36.Ra8+
Bxa8 37.Qd8+ Kh7 38.Qh4+ Kg8 1/2-1/2